Statistics for Countries of the World- Dark Mode

Click here to take the quiz!

General Stats

  • This quiz has been taken 919 times
  • The average score is 175 of 196

Answers on the Map

Answers color-coded by a green-red scale on the quiz's map according to % correct below.
 

Answer Stats

Country% Correct
United States
97%
Canada
96%
Mexico
95%
China
94%
Russia
94%
Australia
93%
Brazil
93%
Cuba
93%
Denmark
93%
Egypt
93%
France
93%
Germany
93%
Iceland
93%
India
93%
Italy
93%
Japan
93%
Portugal
93%
South Korea
93%
Spain
93%
United Kingdom
93%
Argentina
92%
Chile
92%
Finland
92%
Indonesia
92%
Iran
92%
Iraq
92%
Ireland
92%
Madagascar
92%
Mongolia
92%
North Korea
92%
Norway
92%
Pakistan
92%
Poland
92%
South Africa
92%
Sweden
92%
Turkey
92%
Ukraine
92%
Yemen
92%
Afghanistan
91%
Algeria
91%
Austria
91%
Belgium
91%
Chad
91%
Colombia
91%
Czech Republic
91%
Dominican Republic
91%
Greece
91%
Haiti
91%
Laos
91%
Nepal
91%
Netherlands
91%
Niger
91%
Nigeria
91%
Oman
91%
Panama
91%
Peru
91%
Romania
91%
Saudi Arabia
91%
Switzerland
91%
Thailand
91%
United Arab Emirates
91%
Vietnam
91%
Albania
90%
Bahamas
90%
Bangladesh
90%
Belarus
90%
Bolivia
90%
Cambodia
90%
Croatia
90%
Democratic Republic
of the Congo
90%
Dominica
90%
Estonia
90%
Guatemala
90%
Honduras
90%
Hungary
90%
Israel
90%
Jamaica
90%
Jordan
90%
Kazakhstan
90%
Latvia
90%
Libya
90%
Lithuania
90%
Luxembourg
90%
Malaysia
90%
Morocco
90%
New Zealand
90%
Paraguay
90%
Philippines
90%
Qatar
90%
Slovakia
90%
Slovenia
90%
Somalia
90%
South Sudan
90%
Sri Lanka
90%
Sudan
90%
Uruguay
90%
Vatican City
90%
Venezuela
90%
Armenia
89%
Azerbaijan
89%
Belize
89%
Bhutan
89%
Bosnia and
Herzegovina
89%
Bulgaria
89%
Costa Rica
89%
Cyprus
89%
Ecuador
89%
El Salvador
89%
Ethiopia
89%
Georgia
89%
Guyana
89%
Kenya
89%
Mali
89%
Malta
89%
Myanmar
89%
Nicaragua
89%
North Macedonia
89%
Papua New Guinea
89%
Republic of the Congo
89%
Serbia
89%
Suriname
89%
Syria
89%
Taiwan
89%
Tunisia
89%
Turkmenistan
89%
Andorra
88%
Angola
88%
Botswana
88%
Cameroon
88%
Central African Republic
88%
Fiji
88%
Guinea
88%
Kosovo
88%
Kuwait
88%
Lebanon
88%
Liechtenstein
88%
Moldova
88%
Namibia
88%
Rwanda
88%
Togo
88%
Uganda
88%
Uzbekistan
88%
Zambia
88%
Zimbabwe
88%
Benin
87%
Eritrea
87%
Ghana
87%
Ivory Coast
87%
Kyrgyzstan
87%
Lesotho
87%
Liberia
87%
Maldives
87%
Monaco
87%
Montenegro
87%
Mozambique
87%
Saint Kitts and Nevis
87%
San Marino
87%
Senegal
87%
Singapore
87%
Tanzania
87%
Barbados
86%
Djibouti
86%
Eswatini
86%
Federated States of
Micronesia
86%
Gambia
86%
Mauritania
86%
Saint Lucia
86%
Tajikistan
86%
Antigua and Barbuda
85%
Brunei
85%
Cape Verde
85%
East Timor
85%
Equatorial Guinea
85%
Guinea-Bissau
85%
Kiribati
85%
Marshall Islands
85%
Palau
85%
Saint Vincent and the
Grenadines
85%
Seychelles
85%
Tonga
85%
Trinidad and Tobago
85%
Bahrain
84%
Burkina Faso
84%
Burundi
84%
Gabon
84%
Malawi
84%
Mauritius
84%
Samoa
84%
São Tomé and Príncipe
84%
Sierra Leone
84%
Solomon Islands
84%
Tuvalu
84%
Vanuatu
84%
Comoros
83%
Grenada
83%
Nauru
83%

Score Distribution

Percentile by Number Answered

Percent of People with Each Score

Your Score History

You have not taken this quiz